000 00987naa a22002897a 4500
001 BR9508426
003 BR-BrBNA
005 20240918181523.0
007 ta
008 230509b bl.||||| |||| 00| 0 por d
040 _aBR-BrBNA
_bpor
_cBiblioteca Nacional de Agricultura
041 _a(Pt)
072 _aH60
_b0336
090 _aH60 BR9508426
100 1 _aPuedell, J.
245 1 _aEficiencia e seletividade de herbicidas pos-emergentes para o controle de monocotiledoneas na soja
260 3 _aCruz Alta, RS (Brasil):
_c1987.
500 _aCulturas de verao. Resultados de pesquisa 1986/87 Cruz Alta, RS (Brasil): 1987. p. 163-171 (BR9508426-AM)H60
650 _aErva Daninha
650 _aHerbicida
650 _aSoja
650 _aPos-Emergencia
650 _aMonocotiledonea
773 0 _tCulturas de verao. Resultados de pesquisa 1986/87
_wH60 BR9508426
_gCruz Alta, RS (Brasil), 1987. p. 163-171
909 _a202404
_bLucia
_c55
_dLucia Elande
942 _cAM
_2AGRIS
999 _c325633
_d325633